00547nam a2200133Ia 4500008004100000100002900041245010800070260002900178300001700207650001500224856008200239999001900321952007300340160712s9999 xx 000 0 und d ade Paz, Elisa Dominguez. cElisa Dominguez de PazaEl Componente Dramatico-musical en una pieza breve de Melchor Fernandez de Leon c2011bHumanities Diliman avol. 8 no. 2 xHUMANITIES uhttp://journals.upd.edu.ph/index.php/humanitiesdiliman/issue/view/305/showToc c297569d297569 001040aCLbCLd2016-07-12l0r2016-07-12 00:00:00w2016-07-12yFEJ